01398cam a22001698i 4500020001800000041000900018082001800027100003100045245008800076260003400164300001000198504005100208520089200259546001301151650003501164650002901199 a9781032174754 aeng-00a320.01bCHM-P1 aChmielewski, Adameauthor.10aPolitics and recognition :btowards a new political aesthetics /cAdam Chmielewski. aNew York :bRoutledge,c2020. a186p. aIncludes bibliographical references and index. a"This book outlines a new conception of political aesthetics based on the notion of order as an aesthetic category pertaining to human perception. Engaging with the thought of a range of figures, including Veblen, Honneth, Foucault, Popper and MacIntyre, it explores the nature of political aesthetics as an enquiry into the ways in which politics and our perceptions shape one another and our moral choices. Moving beyond the consideration of politics as a matter of perception, the author employs the concept of recognition to shed fresh light on the normative dimensions of politics, before presenting a series of case studies designed to show the utility of this conception of political aesthetics for explaining contemporary urban social phenomena and political conflicts. As such, Politics and Recognition will appeal to sociologists, philosophers and political social theorists"-- aEnglish. 0aAestheticsxPolitical aspects. 0aRecognition (Philosophy)